000 00676nam a2200289Ia 4500
005 20260324143425.0
008 008 260324s9999 xx 000 0 eng d
020 _a9781003421122
037 _aEBOOK
040 _aCRL
040 _beng
040 _cCRL
041 _2eng
041 _aeng
084 _qCRL
100 _aBernd Weiler; Steven Mosher
_91215579
245 0 _aKorea in the 1990s
245 0 _bProspects for Unification
260 _bTaylor and Francis
260 _c1992
365 _a
365 _b170
856 _uhttp://www.taylorfrancis.com/books/9781003421122
942 _cEBOOK
999 _c1820962
_d1820962